| 000 | 01655nam a2200457 c 4500 | ||
|---|---|---|---|
| 001 | 18516 | ||
| 003 | ES-MaCES | ||
| 005 | 20141221122539.0 | ||
| 008 | 060223s2005 sp t o000 | spa d | ||
| 017 |
_aM 52072-2005 _bDL |
||
| 020 | _a8495912279 | ||
| 024 | 7 |
_a326-05-056-6 _2nipo |
|
| 024 | 7 |
_a326-03-033-7 _2nipo |
|
| 035 | _aCES20060001494m | ||
| 040 |
_aES-MaCES _bspa _cES-MaCES |
||
| 041 | 1 |
_aspa _hfre |
|
| 245 | 0 | 0 |
_aDemocracias urbanas _b: el estado de la democracia en las grandes ciudades de treces países industrializados _cdirección, Oscar W. Gabriel y Vicent Hoffmann-Martinot ; traducción de José Manuel Rodríguez Álvarez |
| 250 | _a1ª ed | ||
| 260 |
_aMadrid _bMinisterio de Administraciones Públicas _c2005 |
||
| 300 |
_a455 p. _c24 cm |
||
| 500 | _aTraducción de la ed. francesa | ||
| 500 | _aEn la cub.: Administración local | ||
| 541 | _cGratuito | ||
| 650 | 4 |
_aciudad _928617 |
|
| 650 | 4 |
_azona urbana _928618 |
|
| 650 | 4 |
_ademocracia _927175 |
|
| 650 | 4 |
_agobierno _927210 |
|
| 650 | 4 |
_adesarrollo político _929225 |
|
| 650 | 4 |
_adesarrollo urbano _928619 |
|
| 650 | 4 |
_apaís desarrollado _927091 |
|
| 650 | 4 |
_aestudio de casos _928846 |
|
| 653 | 1 | 0 | _aVivienda-Construcción-Urbanismo |
| 700 | 1 |
_aGabriel, Óscar W. _edir. _912544 |
|
| 700 | 1 |
_aHoffmann-Martinot, Vicent _edir. _914914 |
|
| 700 | 1 |
_aRodríguez Álvarez, José Manuel _etr. _922277 |
|
| 710 | 1 |
_aEspaña _bMinisterio para las Administraciones Públicas _eed. _93278 |
|
| 710 | 2 |
_aBoletín Oficial del Estado (España) _eed. _91662 |
|
| 902 | _aLIB Libro | ||
| 942 |
_2CES _cBK _h5.2. |
||
| 999 |
_c18516 _d18516 |
||